| 000 | 00815nam a2200229 a 4500 | ||
|---|---|---|---|
| 001 | 63559 | ||
| 003 | BD-RjUL | ||
| 005 | 20211209081218.0 | ||
| 008 | 170131s2005 bg ||||| |||| 00| f ben d | ||
| 020 | _c: Tk. 50.00 | ||
| 035 | _a(BD-RjUL)63688 | ||
| 040 |
_aBD-RjUL _beng _cBD-RjUL |
||
| 041 | _aeng | ||
| 082 |
_223 _a891.443 _bSYS 2005 |
||
| 100 |
_aসাঈদ, মো : সাঈদুর রহমান _9188928 |
||
| 245 | 1 | 0 |
_aস্বপ্নময়ী / _cমো : সাঈদুর রহমান সাঈদ |
| 260 |
_aরাজশাহী : _bগোলাম মোস্তফা মোস্তা, _c২০০৫ |
||
| 300 |
_a৬৪ পৃ. ; _c২৩ সেমি. |
||
| 650 |
_aবাংলা উপন্যাস _9170454 |
||
| 650 |
_aBengali Fiction _9170455 |
||
| 942 |
_2ddc _cBK |
||
| 999 |
_c63559 _d63559 |
||